000 01662nam a2200409Ii 4500
001 DIGUCANT0192
003 NyNyDIG
006 m o d
007 cr |||||||||||
008 250310s2024 sp a ob 000 0 spa d
035 _a(OCoLC)1507373273
040 _aDGITA
_beng
_erda
_epn
_cDGITA
020 _a9788419024893
_q(pdf)
020 _z9788419024848
_q(rústica)
043 _ae-sp---
050 1 4 _aNC987 ebook
245 0 0 _aMauro Muriedas :
_btestigo social : colección UC Arte Gráfico : Paraninfo de la Universidad de Cantabria, 19 septiembre / 2 noviembre 2024 /
_ccomisariado, catalogación y diseño expositivo, Nuria García Gutiérrez.
264 1 _aSantander :
_bEdiciones Universidad Cantabria,
_c2024.
300 _a1 online resource :
_billustrations.
336 _atext
_btxt
_2rdacontent
337 _acomputer
_bc
_2rdamedia
338 _aonline resource
_bcr
_2rdacarrier
347 _atext file
_2rdaft
347 _bPDF
490 1 _aColección Florilogio ;
_v99
504 _aIncludes bibliographical references.
588 0 _aOnline resource; title from PDF title page (Digitalia, viewed March 10, 2025)
650 0 _aDrawing
_zSpain
_vExhibitions.
700 1 _aGarcía González, Nuria,
_eeditor.
776 0 8 _iPrint version:
_tMauro Muriedas.
_dSantander : Ediciones Universidad Cantabria, 2024
_z9788419024848
791 2 _aDigitalia (Firm),
_edistributor.
793 0 _gDigitalia eBook Collection:
_aUniversidad de Cantabria
830 0 _aColección Florilogio ;
_v99.
856 4 0 _3Digitalia Hispánica
_uhttps://www.digitaliapublishing.com/a/170046/
910 _aPremium collection: 2025
942 _cRAA
999 _c290357
_d290357